The handbook of field marketing a complete guide to understanding and outsourcing face-to-face direct marketing /

Bibliographic Details
Main Author: Williams, Alison.
Corporate Author: ProQuest (Firm)
Other Authors: Mullin, Roddy.
Format: Electronic eBook
Language:English
Published: London ; Philadelphia : Kogan Page, 2008.
Subjects:
Online Access:Click to View
LEADER 01419nam a2200385Ia 4500
001 EBC319682
003 MiAaPQ
005 20200520144314.0
006 m o d |
007 cr cn|||||||||
008 070910s2008 enka sb 001 0 eng d
010 |z  2007037070 
020 |z 0749450258 
020 |z 9780749450250 
035 |a (MiAaPQ)EBC319682 
035 |a (Au-PeEL)EBL319682 
035 |a (CaPaEBR)ebr10502424 
035 |a (CaONFJC)MIL109190 
035 |a (OCoLC)182575957 
040 |a MiAaPQ  |c MiAaPQ  |d MiAaPQ 
050 4 |a HF5415.126  |b .W55 2008 
100 1 |a Williams, Alison. 
245 1 4 |a The handbook of field marketing  |h [electronic resource] :  |b a complete guide to understanding and outsourcing face-to-face direct marketing /  |c Alison Williams & Roddy Mullin. 
260 |a London ;  |a Philadelphia :  |b Kogan Page,  |c 2008. 
300 |a xxv, 245 p. :  |b ill. 
504 |a Includes bibliographical references and index. 
533 |a Electronic reproduction. Ann Arbor, MI : ProQuest, 2015. Available via World Wide Web. Access may be limited to ProQuest affiliated libraries. 
650 0 |a Direct marketing. 
650 0 |a Sales promotion. 
650 0 |a Sampling. 
650 0 |a Branding (Marketing) 
655 4 |a Electronic books. 
700 1 |a Mullin, Roddy. 
710 2 |a ProQuest (Firm) 
856 4 0 |u https://ebookcentral.proquest.com/lib/matrademy/detail.action?docID=319682  |z Click to View